|
|
|
|
| LEADER |
00000cam a2200000 7i4500 |
| 001 |
0000047688 |
| 005 |
20150524.0 |
| 008 |
150524 |
| 020 |
|
|
|a 9788183822220
|
| 090 |
0 |
0 |
|a 808.4
|b YAD
|
| 100 |
1 |
|
|a Yadav, Sneha
|
| 245 |
1 |
0 |
|a Top school essays
|c Sneha Yadav
|
| 260 |
|
|
|a New Delhi :
|b Lotus Press ,
|c 2014
|
| 650 |
|
0 |
|a Essays
|
| 650 |
|
0 |
|a Letters and paragraphs
|
| 999 |
|
|
|a 0001350116
|b Book
|c Adult Collection
|e Cawangan Taman Sri Lambak
|
| 999 |
|
|
|a 0001350117
|b Book
|c Adult Collection
|e Cawangan Tmn. Ungku Tun Aminah
|
| 999 |
|
|
|a 0001350118
|b Book
|c Adult Collection
|e Cawangan Sri Merlong
|
| 999 |
|
|
|a 0001350119
|b Book
|c Adult Collection
|e Cawangan Kota Tinggi
|
| 999 |
|
|
|a 0001350120
|b Book
|c Adult Collection
|e Cawangan Batu Pahat
|
| 999 |
|
|
|a 0001350121
|b Book
|c Adult Collection
|e Cawangan Bandar Tenggara
|
| 999 |
|
|
|a 0001350122
|b Book
|c Adult Collection
|e Cawangan Segamat
|
| 999 |
|
|
|a 0001350123
|b Book
|c Adult Collection
|e Cawangan Bukit Gambir
|
| 999 |
|
|
|a 0001350124
|b Book
|c Adult Collection
|e Cawangan Tangkak
|
| 999 |
|
|
|a 0001350125
|b Book
|c Adult Collection
|e Cawangan Muar
|
| 999 |
|
|
|a 0001350126
|b Book
|c Adult Collection
|e Cawangan Bandar Penawar
|
| 999 |
|
|
|a 0001350127
|b Book
|c Adult Collection
|e Cawangan Pontian
|
| 999 |
|
|
|a 0001350128
|b Book
|c Adult Collection
|e Cawangan Mersing
|
| 999 |
|
|
|a 0001351617
|b Book
|c Adult Collection
|e Perbadanan Perpustakaan Awam Johor
|
| 999 |
|
|
|a 0001351618
|b Book
|c Adult Collection
|e Cawangan Urban Transformation Centre
|